[Event "ITA-ch U20"]
[Site "Tarvisio"]
[Date "2023.07.08"]
[Round "8"]
[White "Brini, Dario"]
[Black "Ballon, Gioele"]
[Result "1/2-1/2"]
[WhiteElo "2099"]
[BlackElo "1782"]
[PlyCount "117"]
[EventDate "2023.07.02"]
[EventType "swiss"]
[EventRounds "9"]
[EventCountry "ITA"]
[SourceTitle "EXT 2024"]
[Source "ChessBase"]
[SourceDate "2023.10.10"]
[SourceVersion "1"]
[SourceVersionDate "2023.10.10"]
[SourceQuality "1"]

1. e4 e6 2. d4 d5 3. Nc3 dxe4 4. Nxe4 Nd7 5. Nf3 Ngf6 6. Nxf6+ Nxf6 7. c3 Be7 8. Bd3 0-0 9. 0-0 c5 10. Qe2 b6 11. Bf4 Bb7 12. dxc5 Bxc5 13. Rad1 Qc8 14. Ne5 Be7 15. Rfe1 Qc5 16. Bg5 Rad8 17. Bc2 Rxd1 18. Rxd1 Rd8 19. Bxf6 Rxd1+ 20. Qxd1 Bxf6 21. Nd7 Qd5 22. Nxf6+ gxf6 23. Qxd5 Bxd5 24. b3 h6 25. f3 f5 26. Kf2 Kg7 27. Ke3 Kf6 28. c4 Bc6 29. b4 e5 30. g3 Ke6 31. f4 f6 32. a3 Bd7 33. Bd1 Kd6 34. h3 Bc8 35. Bf3 Ba6 36. Be2 Bb7 37. Bf1 a5 38. Kd3 Bf3 39. Ke3 Bb7 40. g4 Bc8 41. Be2 fxg4 42. hxg4 f5 43. gxf5 Bxf5 44. Bf3 exf4+ 45. Kxf4 Bd3 46. Bd5 axb4 47. axb4 b5 48. Ke3 Bxc4 49. Bf3 Ke5 50. Bh5 Kf5 51. Be8 Kg5 52. Kf3 h5 53. Kg3 h4+ 54. Kh3 Bf1+ 55. Kh2 Kf4 56. Kg1 Bc4 57. Kh2 Kg5 58. Kh3 Bf1+ 59. Kh2 1/2-1/2

[Event "Chioggia op-B 13th"]
[Site "Chioggia"]
[Date "2018.09.29"]
[Round "3"]
[White "Ballon, Gioele"]
[Black "Danese, Aldo"]
[Result "1-0"]
[WhiteElo "1313"]
[BlackElo "1707"]
[PlyCount "81"]
[EventDate "2018.09.28"]
[EventType "swiss"]
[EventRounds "5"]
[EventCountry "ITA"]
[SourceTitle "EXT 2022"]
[Source "ChessBase"]
[SourceDate "2021.10.06"]
[SourceVersion "1"]
[SourceVersionDate "2021.10.06"]
[SourceQuality "1"]

1. e4 b6 2. d4 e6 3. Nf3 Bb7 4. Bd3 Nc6 5. Nc3 Be7 6. Bf4 Nf6 7. a3 d6 8. Qd2 Qd7 9. 0-0 0-0 10. Rfe1 Ne8 11. Re2 Nxd4 12. Nxd4 e5 13. Be3 exd4 14. Bxd4 c5 15. Bb5 Qg4 16. Be3 Rd8 17. Bf4 Nc7 18. Bc4 Ne6 19. Be3 Bf6 20. Bd3 a6 21. h3 Qh4 22. Ree1 b5 23. f3 Bd4 24. Bxd4 Nxd4 25. Ne2 Ne6 26. c4 bxc4 27. Bxc4 Nc7 28. Qa5 Qe7 29. Red1 d5 30. exd5 Nxd5 31. Bxd5 Qxe2 32. Bxf7+ Kxf7 33. Rxd8 Qe3+ 34. Kh1 Qe7 35. Rxf8+ Kxf8 36. Re1 Qd6 37. Qa4 Qd8 38. Qf4+ Kg8 39. Qc4+ Qd5 40. Qxd5+ Bxd5 41. Re5 1-0